[Event "13th Africa-ch"]
[Site "Oran ALG"]
[Date "2017.07.06"]
[Round "5"]
[White "Adly, Ahmed"]
[Black "Hesham, Abdelrahman"]
[Result "1-0"]
[WhiteElo "2620"]
[BlackElo "2385"]
[EventDate "2017.07.02"]
[PlyCount "55"]

1.d4 Nf6 2.c4 g6 3.g3 Bg7 4.Bg2 O-O 5.Nc3 Nc6 6.Nf3 d5 7.Ne5 dxc4 8.Nxc6 
bxc6 9.O-O Rb8 10.e4 Ng4 11.h3 Nxf2 12.Rxf2 Bxd4 13.Qe2 Qd6 14.Be3 e5 15.
Bxd4 exd4 16.e5 Qb4 17.Ne4 h6 18.Nf6+ Kg7 19.e6 Qd6 20.e7 Be6 21.exf8=Q+ 
Rxf8 22.Re1 Qxg3 23.Qe5 Qxe5 24.Rxe5 Re8 25.Ne4 Kg8 26.Nc5 d3 27.Nxe6 d2 
28.Bf3 1-0

[Event "13th Africa-ch"]
[Site "Oran ALG"]
[Date "2017.07.06"]
[Round "5"]
[White "Cawdery, Daniel"]
[Black "El-Gindy, Essam"]
[Result "1-0"]
[WhiteElo "2426"]
[BlackElo "2448"]
[EventDate "2017.07.02"]
[PlyCount "109"]

1.e4 c5 2.Nf3 d6 3.d4 cxd4 4.Nxd4 Nf6 5.Nc3 Nc6 6.Bg5 Bd7 7.Qd2 Nxd4 8.
Qxd4 Qa5 9.Bd2 e5 10.Qd3 Rc8 11.O-O-O a6 12.Kb1 Qc5 13.Be3 Qc6 14.f3 h6 
15.g4 Be6 16.h4 b5 17.Bh3 Nd7 18.Nd5 a5 19.Bf1 Be7 20.Rh2 Rb8 21.Nxe7 Kxe7
22.Rhd2 h5 23.g5 Rhc8 24.Qxd6+ Qxd6 25.Rxd6 Rc7 26.a4 Bc4 27.Bh3 Rbb7 28.
axb5 Bxb5 29.R1d2 a4 30.R6d5 Bc6 31.Ra5 Rb5 32.Rxb5 Bxb5 33.Rd5 Bc6 34.Ra5
f6 35.gxf6+ gxf6 36.Ra7 Rxa7 37.Bxa7 Kf7 38.Kc1 Nf8 39.Kd2 Ng6 40.Bf2 Ne7 
41.Bg3 Bb5 42.f4 exf4 43.Bxf4 Ng6 44.Bg3 Ne7 45.Ke3 Nc6 46.Bc7 Ke7 47.Bf5 
Kf7 48.Bd7 Ke7 49.c4 Kxd7 50.cxb5 Na7 51.b6 Nb5 52.Kf4 Nd4 53.e5 f5 54.Kg5
Ne6+ 55.Kf6 1-0

[Event "13th Africa-ch"]
[Site "Oran ALG"]
[Date "2017.07.06"]
[Round "5"]
[White "Belouadah, Saad"]
[Black "Haddouche, Mohamed"]
[Result "1/2-1/2"]
[WhiteElo "2400"]
[BlackElo "2492"]
[EventDate "2017.07.02"]
[PlyCount "145"]

1.d4 d6 2.e4 Nf6 3.Nc3 c6 4.f4 Qa5 5.Nf3 e5 6.Bd3 Nbd7 7.Rb1 Be7 8.b4 Qc7 
9.O-O O-O 10.Kh1 Re8 11.Ne2 exd4 12.Nfxd4 Bf8 13.Ng3 a6 14.c3 c5 15.Ndf5 
b6 16.c4 Bb7 17.Bb2 Re6 18.Ne3 Nxe4 19.Bxe4 Bxe4 20.f5 Ree8 21.Qg4 d5 22.
Nxd5 Bxd5 23.Bxg7 Bxg7 24.Nh5 Qe5 25.f6 Bxg2+ 26.Qxg2 Qe4 27.Rg1 Qxg2+ 28.
Rxg2 Ne5 29.Rxg7+ Kh8 30.bxc5 bxc5 31.Ng3 Re6 32.Rg5 Rae8 33.Rf1 h6 34.Rh5
Kh7 35.Ne4 Nf3 36.Nxc5 Re1 37.Rxe1 Rxe1+ 38.Kg2 Ng5 39.Rh4 Re2+ 40.Kg3 
Rxa2 41.Rg4 Ra5 42.Nb7 Ra3+ 43.Kg2 Kg6 44.c5 Kxf6 45.Rc4 Ne6 46.c6 Nc7 47.
h4 Ke5 48.Rc5+ Kf4 49.Nd6 Rg3+ 50.Kh2 Rg6 51.Nxf7 Re6 52.h5 Rf6 53.Rc4+ 
Kf5 54.Nd8 Ke5 55.Kg3 Kd5 56.Rc2 Rf8 57.Kg4 a5 58.Nb7 a4 59.Rc5+ Kd4 60.
Ra5 Ra8 61.Rf5 a3 62.Na5 a2 63.Rf4+ Kc3 64.Ra4 Rg8+ 65.Kf5 Rg2 66.Ke5 Kb2 
67.Kd6 Nb5+ 68.Kd7 Na3 69.c7 a1=Q 70.Nc4+ Kc1 71.c8=Q Rg7+ 72.Kc6 Qd4 73.
Nb6 1/2-1/2

[Event "13th Africa-ch"]
[Site "Oran ALG"]
[Date "2017.07.06"]
[Round "5"]
[White "Bouzidi, Ahmed"]
[Black "Mwali, Chitumbo"]
[Result "1/2-1/2"]
[WhiteElo "2193"]
[BlackElo "2356"]
[EventDate "2017.07.02"]
[PlyCount "111"]

1.e4 e5 2.Nf3 Nc6 3.Bb5 a6 4.Bxc6 dxc6 5.O-O Qf6 6.d4 exd4 7.Bg5 Qd6 8.
Nxd4 Be7 9.Bxe7 Nxe7 10.Nb3 Qxd1 11.Rxd1 b6 12.a4 a5 13.Nc3 Bd7 14.Nd4 
O-O-O 15.f3 f5 16.e5 c5 17.Nde2 Nc6 18.f4 Nb4 19.Rac1 Bc6 20.b3 g6 21.Kf2 
Rxd1 22.Nxd1 c4 23.Nb2 Be4 24.bxc4 Bxc2 25.Nd4 Bxa4 26.c5 bxc5 27.Rxc5 Rd8
28.Ke3 Be8 29.Ne6 Rd7 30.Rxa5 Nd5+ 31.Kf3 Nb6 32.Nc5 Rd2 33.Nbd3 Bc6+ 34.
Kg3 Rxg2+ 35.Kh3 Rg4 36.Ra2 Nd5 37.e6 Kd8 38.Rd2 Ke7 39.Re2 h6 40.Rf2 Ne3 
41.Ne5 Bg2+ 42.Rxg2 Rxg2 43.Nc6+ Kf6 44.e7 Kf7 45.Ne6 g5 46.fxg5 hxg5 47.
Nxc7 g4+ 48.Kh4 Rxh2+ 49.Kg5 Rh8 50.Kf4 Nc2 51.e8=Q+ Rxe8 52.Nxe8 Kxe8 53.
Ne5 g3 54.Kxg3 Ke7 55.Ng6+ Kf6 56.Nf4 1/2-1/2

[Event "13th Africa-ch"]
[Site "Oran ALG"]
[Date "2017.07.06"]
[Round "5"]
[White "Phiri, Richmond"]
[Black "Silva, David"]
[Result "1-0"]
[WhiteElo "2267"]
[BlackElo "2205"]
[EventDate "2017.07.02"]
[PlyCount "85"]

1.d4 Nf6 2.Nf3 g6 3.c4 Bg7 4.Nc3 O-O 5.Bg5 h6 6.Bh4 d6 7.e3 Nbd7 8.Be2 c6 
9.Qc2 a5 10.O-O Qe8 11.a3 e5 12.dxe5 Nxe5 13.Rfd1 Qe7 14.Qd2 g5 15.Bg3 Ne8
16.Nd4 f5 17.f4 Nd7 18.Rf1 Nc5 19.Rad1 a4 20.fxg5 hxg5 21.Rf3 Be5 22.Rdf1 
Ng7 23.Bd1 Be6 24.Nxe6 Qxe6 25.Bxe5 dxe5 26.Qe2 e4 27.Rh3 g4 28.Rh4 Qe7 
29.Qf2 Qg5 30.Bc2 Rae8 31.Ne2 Rd8 32.Nf4 Nce6 33.Bxa4 c5 34.Nd5 Rf7 35.Bd1
Rdf8 36.b4 f4 37.Rxg4 fxe3 38.Qxf7+ Rxf7 39.Rxg5 Nxg5 40.Rxf7 Kxf7 41.Nxe3
cxb4 42.axb4 N5e6 43.Bc2 1-0

[Event "13th Africa-ch"]
[Site "Oran ALG"]
[Date "2017.07.06"]
[Round "5"]
[White "Farahat, Ali"]
[Black "Douissa, Oussama"]
[Result "1-0"]
[WhiteElo "2420"]
[BlackElo "2270"]
[EventDate "2017.07.02"]
[PlyCount "99"]

1.e4 c6 2.d4 d5 3.Nd2 dxe4 4.Nxe4 Nf6 5.Nxf6+ exf6 6.c3 Bd6 7.Bd3 O-O 8.
Qc2 h6 9.Be3 Re8 10.Ne2 Be6 11.O-O Qc7 12.h3 Nd7 13.Rad1 Nf8 14.c4 Qb8 15.
Rfe1 h5 16.a3 g6 17.Bc1 f5 18.b3 Nh7 19.Bb2 Qc7 20.Kh1 h4 21.Ng1 Be7 22.
Nf3 Bf6 23.Ne5 Rad8 24.f4 Bg7 25.Qf2 Bf6 26.Rd2 Nf8 27.Rde2 Rd6 28.g4 hxg3
29.Qxg3 Qd8 30.Nf3 Re7 31.h4 Bc8 32.Rxe7 Bxe7 33.h5 Re6 34.Rxe6 Bxe6 35.
Ng5 Bxg5 36.fxg5 gxh5 37.d5 cxd5 38.Qe5 f6 39.gxf6 dxc4 40.Qg3+ Kf7 41.Be2
Ke8 42.bxc4 Kd7 43.Qg1 Kc8 44.Qc5+ Kb8 45.Bd4 Nd7 46.Qd6+ Ka8 47.Qxe6 Qa5 
48.Bf3 Qxa3 49.Bxb7+ Kb8 50.Be5+ 1-0

[Event "13th Africa-ch"]
[Site "Oran ALG"]
[Date "2017.07.06"]
[Round "5"]
[White "Talbi, Chafik"]
[Black "Boudriga, Med Ali"]
[Result "0-1"]
[WhiteElo "2250"]
[BlackElo "2348"]
[EventDate "2017.07.02"]
[PlyCount "71"]

1.e4 e5 2.Nf3 Nc6 3.Bc4 Bc5 4.c3 Nf6 5.d3 a6 6.Bb3 d6 7.Nbd2 O-O 8.h3 Be6 
9.Nf1 h6 10.g4 Bxb3 11.Qxb3 d5 12.Ng3 dxe4 13.dxe4 Qd3 14.Nd2 b5 15.Qd1 b4
16.Qe2 Qd7 17.Nb3 Bb6 18.g5 hxg5 19.Bxg5 Nh7 20.h4 bxc3 21.bxc3 Kh8 22.Nf5
Nd8 23.Qg4 g6 24.Bh6 Rg8 25.Rd1 Qe6 26.Rg1 Nf6 27.Qg5 Nb7 28.Ng3 Nd6 29.
Qc1 Ndxe4 30.Be3 Kh7 31.h5 gxh5 32.Qc2 Bxe3 33.fxe3 Qh3 34.Nxe4 Rxg1+ 35.
Ke2 Qg4+ 36.Kf2 0-1

[Event "13th Africa-ch"]
[Site "Oran ALG"]
[Date "2017.07.06"]
[Round "5"]
[White "Ghabache, Nour-Eddine"]
[Black "Bengherabi, Khalil"]
[Result "0-1"]
[WhiteElo "2168"]
[BlackElo "2230"]
[EventDate "2017.07.02"]
[PlyCount "58"]

1.d4 Nf6 2.Nf3 e6 3.g3 d5 4.Bg2 Nbd7 5.O-O c6 6.b3 Be7 7.c4 O-O 8.Qc2 b6 
9.Rd1 Ba6 10.Nbd2 Rc8 11.e4 c5 12.exd5 exd5 13.Bb2 cxd4 14.Nxd4 b5 15.Qf5 
bxc4 16.bxc4 Nc5 17.cxd5 Nd3 18.Rab1 g6 19.Qf3 Ne5 20.Qf4 Nd3 21.Qh6 Ng4 
22.Nf5 Bf6 23.Ne4 Nxb2 24.Qf4 Nxd1 25.Rxd1 gxf5 26.Qxf5 Bg7 27.Ng5 Nf6 28.
d6 Qd7 29.Qb1 h6 0-1

[Event "13th Africa-ch"]
[Site "Oran ALG"]
[Date "2017.07.06"]
[Round "5"]
[White "Van Zyl-Rudd, Jack"]
[Black "De Gondo, Simplice Armel"]
[Result "1-0"]
[WhiteElo "2125"]
[BlackElo "2174"]
[EventDate "2017.07.02"]
[PlyCount "58"]

1.d4 Nf6 2.c4 e6 3.Nf3 d5 4.Nc3 c6 5.e3 Nbd7 6.Qc2 Bd6 7.Bd3 dxc4 8.Bxc4 
O-O 9.O-O a6 10.a3 e5 11.Rd1 Qe7 12.e4 b5 13.Be2 h6 14.h3 Bb7 15.Be3 c5 
16.d5 Nh5 17.g3 Ndf6 18.Nh4 Bc8 19.Nf5 Bxf5 20.exf5 Rac8 21.Bf3 b4 22.Na4 
Rfe8 23.Nb6 Rb8 24.Nc4 b3 25.Qe2 Nf4 26.gxf4 exf4 27.Bc1 Qxe2 28.Bxe2 Rxe2
29.Nxd6 Rd8 1-0

[Event "13th Africa-ch"]
[Site "Oran ALG"]
[Date "2017.07.06"]
[Round "5"]
[White "Odendaal, Frederick"]
[Black "Ounas, Abdelhak"]
[Result "1-0"]
[WhiteElo "2038"]
[BlackElo "2018"]
[EventDate "2017.07.02"]
[PlyCount "67"]

1.d4 d5 2.Nf3 Nf6 3.e3 e6 4.Bd3 Nbd7 5.Nbd2 c5 6.c3 Be7 7.O-O O-O 8.Ne5 
cxd4 9.exd4 Nxe5 10.dxe5 Nd7 11.Qe2 f5 12.exf6 Nxf6 13.Nf3 Bd6 14.Ne5 Qc7 
15.f4 Bd7 16.Bd2 a6 17.Rae1 Bb5 18.c4 dxc4 19.Nxc4 Bc5+ 20.Kh1 Rad8 21.Ne5
Bxd3 22.Nxd3 Bd4 23.Qxe6+ Kh8 24.Qb3 Rfe8 25.Ne5 Bxe5 26.fxe5 Rxe5 27.Rxe5
Qxe5 28.Bc3 Qe2 29.Re1 Qf2 30.Qxb7 h6 31.Qxa6 Ng4 32.Qg6 Ne5 33.Qh5 Nd3 
34.Qxh6+ 1-0

[Event "13th Africa-ch"]
[Site "Oran ALG"]
[Date "2017.07.06"]
[Round "5"]
[White "Salhi, Nouressadat"]
[Black "El-Hadi, Hamdan Abderahmane"]
[Result "1-0"]
[WhiteElo "2034"]
[BlackElo "2082"]
[EventDate "2017.07.02"]
[PlyCount "67"]

1.e4 c5 2.Nf3 d6 3.d4 cxd4 4.Nxd4 Nf6 5.Nc3 a6 6.Bg5 e6 7.Qd2 Be7 8.O-O-O 
Qc7 9.f4 Nbd7 10.Bxf6 Nxf6 11.g4 b5 12.a3 Bb7 13.Bd3 d5 14.e5 Nd7 15.Nce2 
Rc8 16.Kb1 O-O 17.Rhf1 Nc5 18.Rf3 Ne4 19.Qe1 Qb6 20.Rh3 b4 21.a4 Bc5 22.
Bxe4 dxe4 23.Qh4 h6 24.g5 Be7 25.Qh5 Rfd8 26.Rg1 Rxd4 27.gxh6 g6 28.Nxd4 
Qxd4 29.Rxg6+ fxg6 30.Qxg6+ Kf8 31.h7 Qd1+ 32.Ka2 Bd5+ 33.Rb3 Bxb3+ 34.
cxb3 1-0

[Event "13th Africa-ch"]
[Site "Oran ALG"]
[Date "2017.07.06"]
[Round "5"]
[White "Moulay, Mehdi"]
[Black "Gueroui, Nasr-Eddine"]
[Result "1-0"]
[WhiteElo "2055"]
[BlackElo "2029"]
[EventDate "2017.07.02"]
[PlyCount "135"]

1.d4 Nf6 2.Nf3 c5 3.c3 e6 4.Bg5 cxd4 5.Nxd4 Be7 6.Nd2 O-O 7.e4 d6 8.Be2 
Nc6 9.O-O a6 10.a4 Qc7 11.Nxc6 bxc6 12.a5 d5 13.Qc2 h6 14.Be3 c5 15.f4 Rb8
16.e5 Nd7 17.b3 Bb7 18.Nf3 f5 19.h3 Rf7 20.Kh2 Kh8 21.Rg1 Rg8 22.Qd2 g6 
23.g4 Rfg7 24.gxf5 gxf5 25.Rxg7 Rxg7 26.b4 Qc8 27.Rg1 Rxg1 28.Bxg1 Nf8 29.
bxc5 Bxc5 30.Bd4 Ng6 31.Qe3 Be7 32.Qg1 Kh7 33.Qg3 Qd8 34.Bb6 Qc8 35.Nd4 
Bh4 36.Qe3 Qd7 37.Bh5 Nf8 38.Bc5 Be7 39.Bxe7 Qxe7 40.Qd3 Qh4 41.Qf3 Bc8 
42.Be8 Qe7 43.Qh5 Bd7 44.Qf7+ Qxf7 45.Bxf7 Kg7 46.Bh5 Bc8 47.Be8 Nh7 48.
Kg3 Kf8 49.Bg6 Kg7 50.Bxh7 Kxh7 51.Nb3 Kg7 52.Kh4 Kf7 53.Nc5 Kg7 54.Kg3 
Kf7 55.Kf3 Ke7 56.Kg3 Kf7 57.Na4 Bd7 58.Nb6 Bb5 59.Nc8 Bf1 60.h4 Ke8 61.
Kf2 Bd3 62.Ke3 Bf1 63.Nd6+ Kd7 64.Kd4 Kc6 65.Nf7 Kb5 66.Nd8 Kxa5 67.Nxe6 
Kb5 68.Nc5 1-0

[Event "13th Africa-ch"]
[Site "Oran ALG"]
[Date "2017.07.06"]
[Round "5"]
[White "Boudaoud, Khaled"]
[Black "Chipanga, Takaedza"]
[Result "0-1"]
[WhiteElo "2139"]
[BlackElo "2068"]
[EventDate "2017.07.02"]
[PlyCount "120"]

1.e4 c5 2.Nf3 Nc6 3.d4 cxd4 4.Nxd4 Nf6 5.Nc3 d6 6.Bg5 e6 7.Qd2 Be7 8.O-O-O
O-O 9.f4 Nxd4 10.Qxd4 Qa5 11.Kb1 h6 12.h4 Rd8 13.Qd3 Bd7 14.Be2 Rac8 15.
Rh3 Bc6 16.Bf3 b5 17.Ne2 b4 18.Nd4 Ba4 19.Rc1 Kf8 20.Bxf6 Bxf6 21.Nb3 Bxb3
22.Qxb3 Bd4 23.Rd1 Qc5 24.f5 e5 25.g4 Qc4 26.g5 Qxb3 27.axb3 Be3 28.f6 Bf4
29.Bg4 Rc5 30.c4 bxc3 31.bxc3 a5 32.Rd5 Rxd5 33.exd5 Rb8 34.Ka2 Rb5 35.c4 
Rb4 36.Bd7 Rb7 37.Bc6 Ra7 38.Kb1 Kg8 39.fxg7 Kxg7 40.gxh6+ Kxh6 41.h5 f5 
42.Be8 Ra8 43.Bg6 Rf8 44.Kc2 Kg5 45.Rh1 Be3 46.Rh2 f4 47.Kd3 Bc5 48.Be4 
Kh6 49.Ke2 Rb8 50.Bc2 Rb4 51.Kd3 f3 52.Rh1 f2 53.Bd1 Rb8 54.Rf1 Rg8 55.Bf3
Rg3 56.Ke2 Kg5 57.Rxf2 Bxf2 58.Kxf2 Kf4 59.Bd1 Rh3 60.Kf1 e4 0-1

[Event "13th Africa-ch"]
[Site "Oran ALG"]
[Date "2017.07.07"]
[Round "6"]
[White "Amin, Bassem"]
[Black "Cawdery, Daniel"]
[Result "1/2-1/2"]
[WhiteElo "2672"]
[BlackElo "2426"]
[EventDate "2017.07.02"]
[PlyCount "138"]

1.e4 c5 2.Nf3 g6 3.d4 cxd4 4.Qxd4 Nf6 5.Nc3 Nc6 6.Qa4 d6 7.e5 dxe5 8.Nxe5 
Qd4 9.Nxc6 Qxa4 10.Nxa4 bxc6 11.b3 Bf5 12.Ba6 Rb8 13.Bb2 Bg7 14.O-O-O O-O 
15.Be5 Rbd8 16.Kb2 Rd5 17.Rxd5 Nxd5 18.Bxg7 Kxg7 19.Bb7 Nf4 20.g3 Ne6 21.
Rd1 Rd8 22.Rxd8 Nxd8 23.Ba6 Kf6 24.b4 Ke5 25.Kc3 Ke4 26.Be2 Nb7 27.Kd2 Nd6
28.Nc5+ Kd5 29.Bf3+ Kc4 30.c3 Kb5 31.a4+ Kb6 32.a5+ Kc7 33.Na6+ Kb7 34.
Nc5+ Kc7 35.Ke3 Nb5 36.c4 Nd6 37.Kd4 Bc8 38.Bg2 Nf5+ 39.Kc3 Nd6 40.Bf1 h5 
41.b5 cxb5 42.cxb5 Bg4 43.Bd3 Bf3 44.Kd4 Bg4 45.Na4 Bf3 46.Nc3 Nb7 47.Bc4 
Nd6 48.Bd5 Bg4 49.Kc5 Bd7 50.b6+ axb6+ 51.axb6+ Kb8 52.Na2 Bc8 53.Nb4 Bb7 
54.Nc6+ Bxc6 55.Kxc6 Kc8 56.f4 Nb7 57.Bxf7 Nd8+ 58.Kd5 Nxf7 59.Ke6 Nh6 60.
Kxe7 h4 61.gxh4 Nf5+ 62.Kf6 Nxh4 63.h3 Kb7 64.Kg5 Ng2 65.h4 Kxb6 66.f5 
Nxh4 67.f6 Nf3+ 68.Kxg6 Ne5+ 69.Kf5 Nf7 1/2-1/2

[Event "13th Africa-ch"]
[Site "Oran ALG"]
[Date "2017.07.07"]
[Round "6"]
[White "Belouadah, Saad"]
[Black "Adly, Ahmed"]
[Result "0-1"]
[WhiteElo "2400"]
[BlackElo "2620"]
[EventDate "2017.07.02"]
[PlyCount "62"]

1.d4 Nf6 2.Bf4 d6 3.Nc3 Nbd7 4.e4 e5 5.Be3 c6 6.f3 b5 7.Nge2 Nb6 8.Ng3 h5 
9.h4 Be7 10.Bg5 b4 11.Nce2 Be6 12.Nc1 exd4 13.Qxd4 d5 14.Nd3 dxe4 15.Qxd8+
Rxd8 16.fxe4 a5 17.Be2 g6 18.O-O-O Nfd7 19.Bf3 Bxg5+ 20.hxg5 Nc4 21.Ne2 
Ke7 22.Nd4 Nce5 23.Nf4 Nc5 24.Rhe1 Bxa2 25.Nd5+ Kf8 26.Nf4 Kg7 27.b3 a4 
28.Kb2 axb3 29.cxb3 Ra8 30.Rd2 Nxb3 31.Nxb3 Nc4+ 0-1

[Event "13th Africa-ch"]
[Site "Oran ALG"]
[Date "2017.07.07"]
[Round "6"]
[White "El-Gindy, Essam"]
[Black "Phiri, Richmond"]
[Result "1/2-1/2"]
[WhiteElo "2448"]
[BlackElo "2267"]
[EventDate "2017.07.02"]
[PlyCount "67"]

1.d4 Nf6 2.c4 e6 3.Nf3 b6 4.a3 Bb7 5.Nc3 Be7 6.Qc2 d5 7.cxd5 Nxd5 8.e4 
Nxc3 9.bxc3 O-O 10.Bd3 c5 11.O-O Ba6 12.Rd1 Qc8 13.Bf4 cxd4 14.cxd4 Qxc2 
15.Bxc2 Nd7 16.Ba4 b5 17.Bc2 Nb6 18.Bd3 Bb7 19.Rdb1 Rfc8 20.Bd2 Bc6 21.Ne5
a6 22.Bb4 Kf8 23.Kf1 Be8 24.Ke2 f6 25.Nf3 Bh5 26.Rc1 Rxc1 27.Rxc1 Rc8 28.
Rxc8+ Nxc8 29.Bxe7+ Kxe7 30.Ke3 Bxf3 31.Kxf3 e5 32.Ke3 Kd6 33.f4 Ne7 34.g4
1/2-1/2

[Event "13th Africa-ch"]
[Site "Oran ALG"]
[Date "2017.07.07"]
[Round "6"]
[White "Haddouche, Mohamed"]
[Black "Mwali, Chitumbo"]
[Result "1/2-1/2"]
[WhiteElo "2492"]
[BlackElo "2356"]
[EventDate "2017.07.02"]
[PlyCount "65"]

1.e4 e5 2.Nf3 Nc6 3.Bc4 Nf6 4.d3 Be7 5.Nc3 O-O 6.a3 d6 7.h3 Be6 8.Nd5 Bxd5
9.exd5 Nb8 10.O-O Nbd7 11.Ba2 Ne8 12.d4 e4 13.Nd2 f5 14.Qe2 Bg5 15.f4 Bh6 
16.Nc4 g6 17.Be3 Bg7 18.Na5 Rb8 19.c4 Ndf6 20.b4 Nh5 21.Kh2 Bh6 22.g3 Nef6
23.Qd2 Kh8 24.Bb3 Rg8 25.Rg1 Qe7 26.Bd1 Rg7 27.Rg2 Rf7 28.Qc1 Ng7 29.Be2 
Nge8 30.Kg1 Bf8 31.g4 fxg4 32.hxg4 Ng7 33.Qe1 1/2-1/2

[Event "13th Africa-ch"]
[Site "Oran ALG"]
[Date "2017.07.07"]
[Round "6"]
[White "Hesham, Abdelrahman"]
[Black "Arab, Adlane"]
[Result "1/2-1/2"]
[WhiteElo "2385"]
[BlackElo "2476"]
[EventDate "2017.07.02"]
[PlyCount "100"]

1.d4 Nf6 2.c4 e6 3.Nf3 d5 4.Nc3 Be7 5.Bg5 O-O 6.Qc2 Ne4 7.Bxe7 Qxe7 8.e3 
Nxc3 9.Qxc3 dxc4 10.Bxc4 b6 11.O-O Nd7 12.b4 Bb7 13.a4 a5 14.Rfb1 axb4 15.
Qxb4 c5 16.dxc5 Bxf3 17.gxf3 Qxc5 18.Bb5 Qxb4 19.Rxb4 Nc5 20.Rd1 Rfb8 21.
Rd6 Kf8 22.Kg2 Ke7 23.Rc6 Rb7 24.Rg4 g6 25.Rh4 h5 26.Rd4 Nb3 27.Rdc4 Nc5 
28.Rb4 Na6 29.Rbc4 Nc5 30.f4 Ra5 31.Kg3 Nxa4 32.Rc7+ Rxc7 33.Rxc7+ Kf8 34.
Rc8+ Kg7 35.Be8 Nc5 36.Rc7 Ne4+ 37.Kf3 Nd6 38.Bd7 Kf8 39.Rc6 Ke7 40.Bc8 
Ra8 41.Rc7+ Kf8 42.Bd7 Ra2 43.Rc1 Rb2 44.Ra1 b5 45.Ra8+ Ke7 46.Ra7 Kf6 47.
Bc6 Rc2 48.Ra6 Nc4 49.Bxb5 Nd2+ 50.Kg2 Rc7 1/2-1/2

[Event "13th Africa-ch"]
[Site "Oran ALG"]
[Date "2017.07.07"]
[Round "6"]
[White "Bengherabi, Khalil"]
[Black "Farahat, Ali"]
[Result "0-1"]
[WhiteElo "2230"]
[BlackElo "2420"]
[EventDate "2017.07.02"]
[PlyCount "76"]

1.e4 c5 2.Nf3 e6 3.d4 cxd4 4.Nxd4 Nf6 5.Nc3 Nc6 6.Nxc6 bxc6 7.e5 Nd5 8.Ne4
Qc7 9.f4 Rb8 10.c4 Bb4+ 11.Bd2 Nxf4 12.Bxb4 Qxe5 13.Qd6 Qxe4+ 14.Kd2 Rxb4 
15.Qxb4 Qd4+ 16.Kc1 c5 17.Qd2 Bb7 18.Qxd4 cxd4 19.Rg1 e5 20.g3 Ne6 21.Bh3 
Ke7 22.Bxe6 Kxe6 23.Kd2 h5 24.h4 e4 25.b4 Rc8 26.Rac1 Ke5 27.a4 e3+ 28.Kd3
Be4+ 29.Ke2 Bf5 30.Rgf1 f6 31.b5 Bh3 32.Kd3 Bxf1+ 33.Rxf1 d5 34.c5 Rxc5 
35.Rb1 Rc3+ 36.Ke2 Rc2+ 37.Ke1 d3 38.a5 Rh2 0-1

[Event "13th Africa-ch"]
[Site "Oran ALG"]
[Date "2017.07.07"]
[Round "6"]
[White "Boudriga, Med Ali"]
[Black "Bouzidi, Ahmed"]
[Result "0-1"]
[WhiteElo "2348"]
[BlackElo "2193"]
[EventDate "2017.07.02"]
[PlyCount "76"]

1.e4 e5 2.Bc4 Nf6 3.d3 c6 4.Nf3 Be7 5.Nc3 O-O 6.Bb3 d6 7.h3 Nbd7 8.O-O b5 
9.a3 Nc5 10.Ba2 a5 11.Be3 Qc7 12.Bxc5 dxc5 13.a4 Rb8 14.Nd2 Rd8 15.Qe2 c4 
16.axb5 cxd3 17.cxd3 cxb5 18.Rfc1 Qd7 19.Nf3 Bd6 20.Ng5 Rf8 21.Nd5 Nxd5 
22.Bxd5 Qe7 23.Qh5 h6 24.Nf3 a4 25.d4 exd4 26.Nxd4 Bd7 27.Qe2 Rb6 28.Qe3 
Qf6 29.Ne2 Be5 30.Rab1 b4 31.f4 Bxb2 32.Rc7 Bxh3 33.Qxh3 a3 34.Rc8 Rxc8 
35.Qxc8+ Kh7 36.e5 Qg6 37.f5 Qh5 38.Qc2 Bxe5 0-1

[Event "13th Africa-ch"]
[Site "Oran ALG"]
[Date "2017.07.07"]
[Round "6"]
[White "Odendaal, Frederick"]
[Black "Van Zyl-Rudd, Jack"]
[Result "1/2-1/2"]
[WhiteElo "2038"]
[BlackElo "2125"]
[EventDate "2017.07.02"]
[PlyCount "43"]

1.e4 c5 2.Nf3 Nc6 3.d4 cxd4 4.Nxd4 e5 5.Nb5 a6 6.Nd6+ Bxd6 7.Qxd6 Qe7 8.
Qd3 Nf6 9.Nc3 d6 10.Bg5 Be6 11.Rd1 Rd8 12.Nd5 Bxd5 13.exd5 Nb8 14.Qb3 O-O 
15.Be2 Nbd7 16.O-O Nc5 17.Qf3 Ncd7 18.Qb3 Nc5 19.Qf3 Ncd7 20.Qb3 Nc5 21.
Qf3 Ncd7 22.Qb3 1/2-1/2

[Event "13th Africa-ch"]
[Site "Oran ALG"]
[Date "2017.07.07"]
[Round "6"]
[White "Silva, David"]
[Black "Douissa, Oussama"]
[Result "1/2-1/2"]
[WhiteElo "2205"]
[BlackElo "2270"]
[EventDate "2017.07.02"]
[PlyCount "120"]

1.e4 d5 2.exd5 Qxd5 3.Nc3 Qd6 4.d4 Nf6 5.Nf3 a6 6.Ne5 Nc6 7.Nxc6 Qxc6 8.d5
Qd6 9.h3 b5 10.Qf3 Bb7 11.Bf4 e5 12.Qe2 Nd7 13.O-O-O O-O-O 14.Be3 f5 15.g4
g6 16.gxf5 gxf5 17.Qf3 b4 18.Na4 Qg6 19.Bc4 e4 20.Qe2 Qd6 21.Kb1 Rg8 22.
Rc1 Bh6 23.Bxh6 Qxh6 24.d6 Qxd6 25.Bxg8 Rxg8 26.Rhd1 Qc6 27.b3 Ne5 28.Qd2 
a5 29.Qf4 Qf6 30.Qe3 Qc6 31.Qd4 Re8 32.Nb2 Qc3 33.Qe3 Qxe3 34.fxe3 Nf3 35.
Nc4 f4 36.c3 Ba6 37.cxb4 Bxc4 38.Rxc4 fxe3 39.Rc2 Nd2+ 40.Kc1 e2 41.Re1 
Nf3 42.Rexe2 Nd4 43.bxa5 Nxe2+ 44.Rxe2 Kb7 45.Kd2 Ka6 46.Ke3 Kxa5 47.Rc2 
Kb6 48.Rc4 Ra8 49.a4 Rg8 50.Rb4+ Ka5 51.Rb5+ Ka6 52.Kxe4 Rg3 53.Rh5 Rxb3 
54.Rxh7 Kb7 55.a5 Rb4+ 56.Kf3 Rb3+ 57.Ke4 Rb4+ 58.Kd3 Rb5 59.Rh8 Rxa5 60.
h4 Ra4 1/2-1/2

[Event "13th Africa-ch"]
[Site "Oran ALG"]
[Date "2017.07.07"]
[Round "6"]
[White "Chipanga, Takaedza"]
[Black "Talbi, Chafik"]
[Result "0-1"]
[WhiteElo "2068"]
[BlackElo "2250"]
[EventDate "2017.07.02"]
[PlyCount "82"]

1.d4 Nf6 2.c4 e6 3.g3 d5 4.Nf3 Be7 5.Bg2 dxc4 6.O-O O-O 7.Ne5 c5 8.dxc5 
Qc7 9.Nxc4 Qxc5 10.b3 Rd8 11.Nbd2 Qc7 12.Bb2 Nc6 13.Rc1 Bd7 14.Qc2 Rac8 
15.Ne4 Nd5 16.Qb1 Be8 17.a3 Qb8 18.Qa1 f6 19.Rfd1 Bh5 20.Kf1 Bf7 21.b4 b5 
22.Ncd2 a5 23.bxa5 Nxa5 24.Nc3 Ne3+ 25.fxe3 Rxd2 26.Rxd2 Nb3 27.Rd7 Nxa1 
28.Rxe7 Nb3 29.Rd1 Rd8 30.Red7 Rxd7 31.Rxd7 Nc5 32.Rd2 Be8 33.Rd4 Qe5 34.
Rd8 Kf7 35.Kf2 Qf5+ 36.Bf3 Qc2 37.Ba1 Qc1 38.Rd1 Qxa3 39.Ne4 Nxe4+ 40.Bxe4
Qa4 41.Rd4 Qxa1 0-1

[Event "13th Africa-ch"]
[Site "Oran ALG"]
[Date "2017.07.07"]
[Round "6"]
[White "De Gondo, Simplice Armel"]
[Black "Salhi, Nouressadat"]
[Result "1-0"]
[WhiteElo "2174"]
[BlackElo "2034"]
[EventDate "2017.07.02"]
[PlyCount "71"]

1.e4 c5 2.Nf3 Nc6 3.d4 cxd4 4.Nxd4 Nf6 5.Nc3 e5 6.Ndb5 d6 7.Bg5 a6 8.Na3 
b5 9.Nd5 Be7 10.Bxf6 Bxf6 11.c3 O-O 12.Nc2 Bg5 13.h4 Bh6 14.a4 bxa4 15.
Rxa4 Ne7 16.Bc4 a5 17.b4 Nxd5 18.Bxd5 Bd7 19.Ra3 Ra7 20.Qa1 a4 21.g3 Kh8 
22.Qd1 f5 23.exf5 Bxf5 24.g4 Bxc2 25.Qxc2 Bf4 26.Rxa4 Rxa4 27.Qxa4 e4 28.
Qc6 Be5 29.Bxe4 Qf6 30.Kd2 Qxf2+ 31.Kd3 Qg3+ 32.Kc2 Qxg4 33.Ra1 Qxh4 34.
Ra8 Qf2+ 35.Kb3 h5 36.Qe8 1-0

[Event "13th Africa-ch"]
[Site "Oran ALG"]
[Date "2017.07.07"]
[Round "6"]
[White "Ounas, Abdelhak"]
[Black "Ghabache, Nour-Eddine"]
[Result "1-0"]
[WhiteElo "2018"]
[BlackElo "2168"]
[EventDate "2017.07.02"]
[PlyCount "67"]

1.e4 c5 2.Nf3 Nc6 3.d4 cxd4 4.Nxd4 g6 5.Be3 Bg7 6.Nc3 Nf6 7.f3 O-O 8.Qd2 
d5 9.Nxc6 bxc6 10.e5 Nd7 11.f4 e6 12.Be2 c5 13.Bf2 Rb8 14.b3 f6 15.Bg4 Qe7
16.Bh4 g5 17.exf6 Qxf6 18.O-O gxh4 19.Ne2 Qg6 20.Bh3 Bxa1 21.Rxa1 Nf6 22.
Rf1 Bd7 23.f5 exf5 24.Nf4 Qf7 25.Qf2 Ne4 26.Qxh4 Qf6 27.Qe1 Qd4+ 28.Kh1 
Rbe8 29.g3 Nd2 30.Qc1 Nxf1 31.Bxf1 Qf2 32.Nh5 Re1 33.Qg5+ Kf7 34.Qf6+ 1-0

[Event "13th Africa-ch"]
[Site "Oran ALG"]
[Date "2017.07.07"]
[Round "6"]
[White "El-Hadi, Hamdan Abderahmane"]
[Black "Gueroui, Nasr-Eddine"]
[Result "1-0"]
[WhiteElo "2082"]
[BlackElo "2029"]
[EventDate "2017.07.02"]
[PlyCount "99"]

1.d4 Nf6 2.c4 c5 3.d5 b5 4.cxb5 a6 5.bxa6 Bxa6 6.Nc3 g6 7.Nf3 Bg7 8.e4 
Bxf1 9.Kxf1 d6 10.g3 O-O 11.Kg2 Nbd7 12.h3 Qa5 13.Qc2 Rfb8 14.Bd2 Qb4 15.
Rhb1 Ne8 16.a4 Qb7 17.Ne2 f5 18.exf5 Qxd5 19.fxg6 hxg6 20.Nf4 Qb3 21.Qxg6 
Qxf3+ 22.Kxf3 Ne5+ 23.Ke4 Nxg6 24.Nxg6 Kf7 25.Nf4 Rb3 26.Bc3 Bxc3 27.bxc3 
Rxc3 28.Nd5 Nf6+ 29.Nxf6 Kxf6 30.Kd5 Ra6 31.Re1 e5 32.Re3 Rc2 33.f4 Rd2+ 
34.Kc4 exf4 35.gxf4 Rb6 36.a5 Rb4+ 37.Kc3 Rdb2 38.Ra3 Rf2 39.Rd3 Ke6 40.a6
Rb8 41.a7 Ra8 42.Ra6 Rxf4 43.Rdxd6+ Ke7 44.Rdb6 Rff8 45.Rb7+ Kd8 46.Rb8+ 
Ke7 47.Rxf8 Kxf8 48.Kc4 Ke7 49.Kxc5 Kd7 50.Kb6 1-0

[Event "13th Africa-ch"]
[Site "Oran ALG"]
[Date "2017.07.07"]
[Round "6"]
[White "Boudaoud, Khaled"]
[Black "Moulay, Mehdi"]
[Result "1-0"]
[WhiteElo "2139"]
[BlackElo "2055"]
[EventDate "2017.07.02"]
[PlyCount "57"]

1.e4 e5 2.Nf3 Nc6 3.Bc4 Bc5 4.d3 d6 5.a4 h6 6.O-O Nf6 7.a5 a6 8.c3 O-O 9.
Nbd2 b5 10.axb6 Bxb6 11.h3 Bb7 12.Re1 Ne7 13.Nf1 Ng6 14.Ng3 d5 15.exd5 
Bxd5 16.Rxa6 Rxa6 17.Bxa6 Bxf3 18.Qxf3 Qd6 19.Bc4 Nh4 20.Qe2 e4 21.Nxe4 
Nxe4 22.Qxe4 Ng6 23.Bd2 Rd8 24.Qf5 Rf8 25.Re8 Rxe8 26.Bxf7+ Kh8 27.Bxe8 
Nh4 28.Qe4 Qg3 29.d4 1-0